Bahasa kita
| Main Author: | |
|---|---|
| Format: | Book |
| Published: |
Kuala Lumpur :
Dewan Bahasa Dan Pustaka ,
2006
|
| Edition: | Edisi kedua |
| Series: | Siri lestari bahasa
|
| Subjects: |
MARC
| LEADER | 00000cam a2200000 7i4500 | ||
|---|---|---|---|
| 001 | 0000106673 | ||
| 005 | 20070404.0 | ||
| 020 | |a 983628897x | ||
| 090 | 0 | 0 | |a 499.238 |b ISM |
| 100 | 0 | |a Ismail Dahaman | |
| 245 | 1 | 0 | |a Bahasa kita |c Ismail Dahaman |
| 250 | |a Edisi kedua | ||
| 260 | |a Kuala Lumpur : |b Dewan Bahasa Dan Pustaka , |c 2006 | ||
| 300 | |a 156p. ; |c 22cm. | ||
| 490 | 0 | |a Siri lestari bahasa | |
| 650 | 0 | 0 | |a Malay language |x Grammar |
| 650 | 0 | 0 | |a Malay language |x Usage |
| 999 | |a 00200156 |b BUKU |c PINJAMAN |e PERPUSTAKAAN KOMUNITI PETALING JAYA | ||